zpět

Detail výsledku týmu

Lidové sady, Liberec

Datum a čas kvízu

20.5 Celkem bodů Celkový počet nahraných bodů na tomto kvízu bez doplňovacích otázek.
10. Pořadí na kvízu Konečné umístění týmu na tomto kvízu.

Zaznamenané odpovědi

# Otázka Odpověď Body Výsledky
1. Dita Protopopová, jejíž jméno... 0
2. Ponorka, která byla nalezena p... 1
3. Tři ženy v galerii mezinárodní... 0
4. Řada čínských e-shopů stáhla z... 0
5. Slovenský záložník se během zá... 1
6. Nedávno jsme zde probírali tém... 0
5. V tenkém střevu dochází ke kon... 1
5. Tato šedě růžová laločnatá žlá... 0.5
5. Která z těchto částí trávicí s... 0
5. Ledviny slouží k odstranění ne... 1